Statistiques concernant Devinez le Pays Mystère #54

Cliquez ici pour prendre le quiz!

Statistiques générales

  • Ce quiz a été pris 328 fois
  • Le résultat moyen est 11 sur 15

Statistiques - réponses

Type de RéponseRéponse% Correct
Lettre TrouvéeE
99%
Lettre Bien PlacéeE
98%
Lettre TrouvéeN
97%
Lettre TrouvéeG
93%
Lettre TrouvéeI
92%
Lettre TrouvéeR
87%
Lettre Bien PlacéeI
86%
Lettre TrouvéeO
84%
Lettre Bien PlacéeO
75%
Lettre Bien PlacéeR
57%
Lettre Bien PlacéeN
55%
Lettre Bien PlacéeG
51%
Lettre TrouvéeH
51%
Lettre Bien PlacéeH
49%
Pays MystèreHongrie
49%

Distribution des résultats

Percentile par nombre de réponses

% des personnes avec chaque résultat

Votre développement - résultats

Vous n’avez pas pris ce quiz